Detalles MARC
| 000 -CABECERA |
| campo de control de longitud fija |
01391nam a2200289 a 4500 |
| 003 - IDENTIFICADOR DEL NÚMERO DE CONTROL |
| campo de control |
DO-SdBNP |
| 005 - FECHA Y HORA DE LA ÚLTIMA TRANSACCIÓN |
| campo de control |
20220627095453.0 |
| 007 - CAMPO FIJO DE DESCRIPCIÓN FÍSICA--INFORMACIÓN GENERAL |
| campo de control de longitud fija |
ta |
| 008 - DATOS DE LONGITUD FIJA--INFORMACIÓN GENERAL |
| campo de control de longitud fija |
220623e2019 dr adb|| f||| 001 0 spa d |
| 020 ## - NÚMERO INTERNACIONAL ESTÁNDAR DEL LIBRO |
| Número Internacional Estándar del Libro |
9789945220087 |
| 040 ## - FUENTE DE LA CATALOGACIÓN |
| Centro catalogador/agencia de origen |
DO-SdBNP |
| Lengua de catalogación |
spa |
| Centro/agencia transcriptor |
BNPHU |
| 041 ## - CÓDIGO DE LENGUA |
| Código de lengua original |
fre |
| 082 #4 - NÚMERO DE LA CLASIFICACIÓN DECIMAL DEWEY |
| Número de edición |
22 |
| Número de documento/Ítem |
W647 |
| 245 10 - MENCIÓN DE TÍTULO |
| Título |
Migración forzada: = Migratión forcé: |
| Resto del título |
deportaciones por vía terrestre de la República Dominicana hacia la República de Haití= les déportacions par voie terrestre de la République Dominicaine á la République D`Haití. |
| Mención de responsabilidad, etc. |
Charlotte Wiener; Traductor, Eddy Tejeda |
| 246 10 - FORMA VARIANTE DE TÍTULO |
| Título propio/Titulo breve |
Migratión forcé: les déportacions par voie terrestre de la République Dominicaine á la République D`Haití. |
| 260 ## - PUBLICACIÓN, DISTRIBUCIÓN, ETC. |
| Lugar de publicación, distribución, etc. |
Santo Domimgo : |
| Nombre del editor, distribuidor, etc. |
Migration Policy Brief,, |
| Fecha de publicación, distribución, etc. |
20019 |
| 300 ## - DESCRIPCIÓN FÍSICA |
| Extensión |
30 p. : |
| Otras características físicas |
il., gráf., mapas ; |
| Dimensiones |
28 cm. |
| 505 0# - NOTA DE CONTENIDO CON FORMATO |
| Nota de contenido con formato |
Abreviaciones / leyes y políticas claves. |
| 505 0# - NOTA DE CONTENIDO CON FORMATO |
| Nota de contenido con formato |
Introducción. |
| Título |
El procedimiento de deportación. |
| -- |
Auditoría, control de gestión y recepción de deportados en Haití. |
| 546 ## - NOTA DE LENGUA/LENGUAJE |
| Nota de lengua/lenguaje |
Folleto en idiomas invertidos francés, espanol. |
| 590 ## - NOTA LOCAL (RLIN) |
| Nota local |
Inventariado 2022 / MF |
| 651 #4 - PUNTO DE ACCESO ADICIONAL DE MATERIA--NOMBRE GEOGRÁFICO |
| 9 (RLIN) |
2428 |
| Nombre geográfico |
República Dominicana |
| Subdivisión general |
Migración |
| 700 1# - PUNTO DE ACCESO ADICIONAL--NOMBRE DE PERSONA |
| 9 (RLIN) |
52143 |
| Nombre de persona |
Tejeda, Eddy |
| Término indicativo de función/relación |
rad. |
| 710 2# - PUNTO DE ACCESO ADICIONAL--NOMBRE DE ENTIDAD CORPORATIVA |
| 9 (RLIN) |
72942 |
| Nombre de entidad corporativa o nombre de jurisdicción como elemento de entrada |
Centro para la Observación Migratoria y el Desarrollo Social en el Caribe. (República Dominicana) |
| 910 ## - DATOS DE OPCIÓN DEL USUARIO (OCLC) |
| Datos de opción del usuario |
MFeliz |
| 942 ## - ELEMENTOS DE PUNTO DE ACCESO ADICIONAL (KOHA) |
| Fuente del sistema de clasificación o colocación |
Dewey Decimal Classification |
| Tipo de ítem Koha |
Folleto |